Les pays d'origine des résidents en Belgique - Statistiques

Statistiques générales
  • Ce quiz a été pris 405 fois
  • Le résultat moyen est 23 sur 34
Statistiques - réponses
Rang Pays d'origine Population arrondie % Correct
1 Maroc 587 095
98%
4 France 313 000
97%
12 Algérie 63 400
95%
5 Pays-Bas 276 000
93%
10 Allemagne 73 800
92%
2 Italie 491 500
92%
7 Espagne 117 800
91%
14 Tunisie 51 800
90%
9 RD Congo 105 800
88%
17 Royaume-Uni 38 400
87%
22 Chine 31 800
84%
11 Portugal 67 600
84%
3 Turquie 322 500
83%
19 Russie 37 900
82%
8 Pologne 106 000
79%
33 Etats-Unis 15 900
76%
34 Luxembourg 13 000
76%
15 Inde 43 000
70%
29 Brésil 20 400
69%
6 Roumanie 150 400
68%
18 Grèce 38 000
65%
15 Syrie 43 000
59%
23 Pakistan 30 500
58%
25 Iran 23 600
57%
26 Irak 22 600
55%
13 Bulgarie 55 000
51%
22 Cameroun 33 600
50%
31 Liban 18 300
48%
20 Afghanistan 34 600
45%
24 Rwanda 24 800
39%
32 Arménie 17 000
35%
28 Guinée 21 600
30%
27 Philippines 22 500
24%
30 Ghana 18 600
22%
Aucun quiz correspondant
Distribution des résultats
% des personnes avec chaque résultat
Percentile par nombre de réponses
Votre historique - résultats
Vous n’avez pas pris ce quiz